Countries with Names that are "The" Something - Statistics

General Stats
  • This quiz has been taken 964 times
    880 since last reset
  • The average score is 10 of 16
Answer Stats
Continent Country % Correct
North America the United States
80%
Europe the United Kingdom
77%
North America The Bahamas
71%
Africa the Democratic Republic of the Congo
71%
Oceania the Marshall Islands
71%
Oceania the Solomon Islands
69%
Africa the Republic of the Congo
68%
Europe the Netherlands
65%
Africa The Gambia
63%
Asia the United Arab Emirates
61%
Asia the Philippines
59%
Asia the Maldives
58%
Africa the Seychelles
56%
Africa the Central African Republic
55%
North America the Dominican Republic
54%
Africa the Comoros
45%
No matching quizzes found
Score Distribution
Percent of People with Each Score
Percentile by Number Answered
Your Score History
You have not taken this quiz since the last reset